000
00266nam a22001097a 4500
008
170126b xxu||||| |||| 00| 0 eng d
020
_a
9781416001836
041
_a
eng
080
_2
7TH
_a
61
245
_a
VASCULAR AND ENDOVASCULAR SURGERY
_c
MOORE, W.S
942
_2
udc
_c
BK
999
_c
3762
_d
3762